| 000 | 00617nam a2200241Ia 4500 | ||
|---|---|---|---|
| 001 | 53014 | ||
| 005 | 20240114005330.0 | ||
| 007 | ta | ||
| 008 | 101215s g b000 u 465 u | ||
| 040 | _aCottonCollege,Assam | ||
| 041 | _a465 | ||
| 082 |
_a820 _bM334 M |
||
| 100 | _aMarden, Orison Swett . | ||
| 245 | 0 |
_aMaking Yourself / _cOrison Swett Marden. _hTextual Documents |
|
| 250 | _aIst ed / | ||
| 260 |
_aAmerica : _bRider & Co , _c2009-10. |
||
| 300 |
_a320p ; _c20cm. |
||
| 653 | _aEnglish Literature | ||
| 653 | _aT/G-Eng | ||
| 942 |
_2ddc _cBK |
||
| 999 |
_c52977 _d52977 |
||